En la mansión de los descendientes de Confucio
保存先:
| 第一著者: | |
|---|---|
| フォーマット: | 図書 |
| 言語: | スペイン語 |
| 出版事項: |
Beijing
Nuevo Mundo
1988
|
| 主題: | |
| タグ: |
タグ追加
タグなし, このレコードへの初めてのタグを付けませんか!
|
MARC
| LEADER | 00000nam a2200000 a 4500 | ||
|---|---|---|---|
| 001 | UCO3996 | ||
| 003 | CL-VaPUC | ||
| 008 | 000728e19880000CH |||||||||||||||||spa|d | ||
| 082 | 0 | 4 | |a 929.2 |b KEL |2 21 |
| 100 | 0 | |a Ke, Lan |e author |9 448064 | |
| 245 | 1 | 0 | |a En la mansión de los descendientes de Confucio |
| 300 | |a 260 p | ||
| 942 | |c BK | ||
| 945 | |d 20000728 00:00:00 |a crobeson | ||
| 260 | |a Beijing |b Nuevo Mundo |c 1988 | ||
| 600 | 0 | 7 | |a CONFUCIO |2 CL-VaPUC |9 265849 |
| 650 | 0 | |a Familias |9 255641 | |
| 650 | 0 | |a Historia de China |9 434737 | |
| 651 | 0 | |a China |9 257545 | |
| 583 | |a last modification |c 20180417 04:00:12 |k Rodrigo Vera | ||
| 999 | |c 290086 |d 290084 | ||
| 952 | |0 0 |1 0 |4 0 |6 929_200000000000000_KEL_1988 |7 0 |8 A |9 339296 |a BIBHIS |b BIBHIS |d 2019-11-20 |i 1202790 |o 929.2 KEL 1988 |p 1202790 |r 2023-01-25 |w 2019-11-20 |y BK |k HIS | ||